Lógica / (Record no. 34612)
[ view plain ]
| 000 -CABECERA | |
|---|---|
| campo de control de longitud fija | 00925nam a2200265 a 4500 |
| 001 - NÚMERO DE CONTROL | |
| campo de control | 000035121 |
| 005 - FECHA Y HORA DE LA ÚLTIMA TRANSACCIÓN | |
| campo de control | 20240509200459.0 |
| 008 - DATOS DE LONGITUD FIJA--INFORMACIÓN GENERAL | |
| campo de control de longitud fija | 111025s1949 sp 000 0 spa d |
| 040 ## - FUENTE DE LA CATALOGACIÓN | |
| Centro catalogador/agencia de origen | DO-SdBNP |
| Lengua de catalogación | spa |
| Centro/agencia transcriptor | BNPHU |
| 082 ## - NÚMERO DE LA CLASIFICACIÓN DECIMAL DEWEY | |
| Número de clasificación | 160 |
| Número de documento/Ítem | G774L, 1949 |
| 100 1# - ENTRADA PRINCIPAL--NOMBRE DE PERSONA | |
| Nombre de persona | Grau, Kurt Joachim |
| Fechas asociadas al nombre | 1891- |
| 9 (RLIN) | 60798 |
| 240 10 - TÍTULO UNIFORME | |
| Título uniforme | Grundriss der Logik |
| Lenguaje de la obra | español |
| 245 10 - MENCIÓN DE TÍTULO | |
| Título | Lógica / |
| Mención de responsabilidad, etc. | Kurt Joachim Grau; traducción de Domingo Miral. |
| 250 ## - MENCIÓN DE EDICIÓN | |
| Mención de edición | 3ª ed. reimp. |
| 260 ## - PUBLICACIÓN, DISTRIBUCIÓN, ETC. | |
| Lugar de publicación, distribución, etc. | Barcelona : |
| Nombre del editor, distribuidor, etc. | Labor, |
| Fecha de publicación, distribución, etc. | 1949. |
| 490 1# - MENCIÓN DE SERIE | |
| Mención de serie | Labor ; |
| Designación de volumen o secuencia | 175 |
| 500 ## - NOTA GENERAL | |
| Nota general | La biblioteca posee la reimpresión de la 3ª edición del 1937 |
| 500 ## - NOTA GENERAL | |
| Nota general | Incluye índice alfabético de autores |
| 505 0# - NOTA DE CONTENIDO CON FORMATO | |
| Nota de contenido con formato | Bibliografía: p. 183-186 |
| 590 ## - NOTA LOCAL (RLIN) | |
| Nota local | Perteneció a la biblioteca personal de Juan Isidro Jimenes Grullón. |
| 650 #0 - PUNTO DE ACCESO ADICIONAL DE MATERIA--TÉRMINO DE MATERIA | |
| Término de materia o nombre geográfico como elemento de entrada | Lógica |
| 9 (RLIN) | 332 |
| 700 12 - PUNTO DE ACCESO ADICIONAL--NOMBRE DE PERSONA | |
| Nombre de persona | Miral, Domingo, |
| Término indicativo de función/relación | trad. |
| 9 (RLIN) | 60799 |
| 830 #0 - PUNTO DE ACCESO ADICIONAL DE SERIE-TÍTULO UNIFORME | |
| Título uniforme | Labor, |
| Número de parte o sección de la obra | 175 |
| 9 (RLIN) | 60800 |
| 910 ## - DATOS DE OPCIÓN DEL USUARIO (OCLC) | |
| Datos de opción del usuario | Validado. Control de calidad MFF |
| Estado de retiro | Estado de pérdida | Restricciones de uso | No para préstamo | Código de colección | Localización permanente | Ubicación/localización actual | Ubicación en estantería | Fecha de adquisición | Número de inventario | Total de préstamos | Signatura topográfica completa | Código de barras | Fecha visto por última vez | Precio válido a partir de | Tipo de ítem Koha | Nota pública |
|---|---|---|---|---|---|---|---|---|---|---|---|---|---|---|---|---|
| Excluido de préstamo | Monografías: Libros y Folletos | General | General | Depósito | 25.10.2011 | LF1 | 160 G774L, 1949 | 35121-10 | 25.06.2020 | 25.06.2020 | No se presta | Perteneció a la biblioteca personal de Juan Isidro Jimenes Grullón |
